Central Bank Financial Strength, Transparency, and Policy Credibility /

A central bank is financially strong if it possesses resources sufficient to attain its fundamental policy objective(s). Once endowed with those resources, relations between government and central bank should be designed so that significant changes in central bank financial strength do not occur unl...

Mô tả đầy đủ

Chi tiết về thư mục
Tác giả chính: Stella, Peter
Định dạng: Tạp chí
Ngôn ngữ:English
Được phát hành: Washington, D.C. : International Monetary Fund, 2002.
Loạt:IMF Working Papers; Working Paper ; No. 2002/137
Truy cập trực tuyến:Full text available on IMF
LEADER 01991cas a2200241 a 4500
001 AALejournalIMF002013
008 230101c9999 xx r poo 0 0eng d
020 |c 5.00 USD 
020 |z 9781451855920 
022 |a 1018-5941 
040 |a BD-DhAAL  |c BD-DhAAL 
100 1 |a Stella, Peter. 
245 1 0 |a Central Bank Financial Strength, Transparency, and Policy Credibility /  |c Peter Stella. 
264 1 |a Washington, D.C. :  |b International Monetary Fund,  |c 2002. 
300 |a 1 online resource (42 pages) 
490 1 |a IMF Working Papers 
500 |a <strong>Off-Campus Access:</strong> No User ID or Password Required 
500 |a <strong>On-Campus Access:</strong> No User ID or Password Required 
506 |a Electronic access restricted to authorized BRAC University faculty, staff and students 
520 3 |a A central bank is financially strong if it possesses resources sufficient to attain its fundamental policy objective(s). Once endowed with those resources, relations between government and central bank should be designed so that significant changes in central bank financial strength do not occur unless necessitated by changes in policy objectives. The level of strength required depends on the array of policy objectives (for example, the exchange rate regime) as well as the constraints and risks presented by the operational environment. Attaining credibility is facilitated if the public can easily determine the financial strength of the bank, yet for a variety of reasons this is often difficult. Transparency requires institutional arrangements that ensure the central bank generates profit in most states of the world, is subject to strict ex post independent audit, and transfers regularly all profits, after provisions, to the treasury. 
538 |a Mode of access: Internet 
830 0 |a IMF Working Papers; Working Paper ;  |v No. 2002/137 
856 4 0 |z Full text available on IMF  |u http://elibrary.imf.org/view/journals/001/2002/137/001.2002.issue-137-en.xml  |z IMF e-Library